Trắc nghiệm vật lí theo chuyên đề dao động & sóng cơ học
Sách gồm 2 phần trình bày các kĩ năng giải bài tập trắc nghiệm và các kiến thức mở rộng giúp học sinh hiểu sâu hơn phần lí thuyết đã học.
Sparad:
| Huvudupphovsman: | |
|---|---|
| Materialtyp: | Bok |
| Språk: | Undetermined |
| Publicerad: |
Hà Nội
Giáo dục Việt Nam
2009
|
| Ämnen: | |
| Taggar: |
Lägg till en tagg
Inga taggar, Lägg till första taggen!
|
| Thư viện lưu trữ: | Trung tâm Học liệu Trường Đại học Cần Thơ |
|---|
| LEADER | 00905nam a2200217Ia 4500 | ||
|---|---|---|---|
| 001 | CTU_182639 | ||
| 008 | 210402s9999 xx 000 0 und d | ||
| 020 | |c 17000 | ||
| 082 | |a 530.0712 | ||
| 082 | |b D513 | ||
| 100 | |a Lê, Phước Dũng | ||
| 245 | 0 | |a Trắc nghiệm vật lí theo chuyên đề dao động & sóng cơ học | |
| 245 | 0 | |c Lê Phước Dũng | |
| 260 | |a Hà Nội | ||
| 260 | |b Giáo dục Việt Nam | ||
| 260 | |c 2009 | ||
| 520 | |a Sách gồm 2 phần trình bày các kĩ năng giải bài tập trắc nghiệm và các kiến thức mở rộng giúp học sinh hiểu sâu hơn phần lí thuyết đã học. | ||
| 650 | |a Physics,Vật lý | ||
| 650 | |x Study and teaching (Secondary),Dạy và học (trung học) | ||
| 904 | |i Hải | ||
| 980 | |a Trung tâm Học liệu Trường Đại học Cần Thơ | ||